Normal view
MARC view
Entry Corporate Name
001 - CONTROL NUMBER
- control field: 48809
003 - CONTROL NUMBER IDENTIFIER
- control field: ARRUPE
005 - DATE AND TIME OF LATEST TRANSACTION
- control field: 20191126110126.0
008 - FIXED-LENGTH DATA ELEMENTS
- fixed length control field: 191126|| aca||aabn | a|a d
040 ## - CATALOGING SOURCE
- Original cataloging agency: ARRUPE
- Transcribing agency: ARRUPE
110 ## - HEADING--CORPORATE NAME
- Corporate name or jurisdiction name as entry element: Mozambique.
- Subordinate unit: Ministério da Cooperação.
670 ## - SOURCE DATA FOUND
- Source citation: Work cat.: (ARRUPE)0: The situation of children and women in Mozambique., [1994]